聖多默的神學 Shenduomo de shen xue = Selections from Thomas Aquinas {ch} / (Record no. 20409)
[ view plain ]
| 000 -LEADER | |
|---|---|
| fixed length control field | 02834nam a2200301 4500 |
| 003 - CONTROL NUMBER IDENTIFIER | |
| control field | OSt |
| 005 - DATE AND TIME OF LATEST TRANSACTION | |
| control field | 20140929145826.0 |
| 008 - FIXED-LENGTH DATA ELEMENTS--GENERAL INFORMATION | |
| fixed length control field | 040630s1964 -hk chi |
| 020 ## - INTERNATIONAL STANDARD BOOK NUMBER | |
| International Standard Book Number | 9622940587 |
| 020 ## - INTERNATIONAL STANDARD BOOK NUMBER | |
| International Standard Book Number | 9789622940581 |
| 090 ## - LOCALLY ASSIGNED LC-TYPE CALL NUMBER (OCLC); LOCAL CALL NUMBER (OCLC) | |
| Classification number (OCLC) (R) ; Classification number, CALL (RLIN) (NR) | BR45 |
| Local cutter number (OCLC) ; Book number/undivided call number, CALL (RLIN) | C46 |
| 100 ## - MAIN ENTRY--PERSONAL NAME | |
| Personal name | 原著者 聖多默 Thomas, Aquinas, Saint, |
| Dates associated with a name | 1225?-1274. |
| 245 10 - TITLE STATEMENT | |
| Title | 聖多默的神學 Shenduomo de shen xue = Selections from Thomas Aquinas {ch} / |
| Statement of responsibility, etc | [原著者 聖多默 = Thomas Aquinas ; 編輯主任 章文新 ; 翻譯者 謝扶雅.]. 謝扶雅. 章文新. ; Thomas, Aquinas Saint; A M Fairweather; Fuya Xie; Wenxin Zhang; trans. by N. Z. Zia, gen. ed. Francis P. Jones. |
| 260 ## - PUBLICATION, DISTRIBUTION, ETC. (IMPRINT) | |
| Place of publication, distribution, etc | Hong Kong : |
| Name of publisher, distributor, etc | 基督教文藝出版社 Council on Christian Literature for Overseas Chinese, |
| Date of publication, distribution, etc | c1964. |
| -- | c1992. |
| 300 ## - PHYSICAL DESCRIPTION | |
| Extent | 624 p. ; |
| Dimensions | 22 cm. |
| 336 ## - CONTENT TYPE | |
| Source | rdacontent |
| 337 ## - MEDIA TYPE | |
| Source | rdamedia |
| 338 ## - CARRIER TYPE | |
| Source | rdacarrier |
| 490 1# - SERIES STATEMENT | |
| Series statement | 基督教歷代名著集成 Christian Classics library 1st series ; |
| -- | Jidu jiao li dai ming zhu ji cheng ; |
| Volume number/sequential designation | no.15 |
| 500 ## - GENERAL NOTE | |
| General note | Translation of: "Selections ... from Basic writings of St. Thomas Aquinas ... published in 1945 ; "Introduction to Saint Thomas Aquinas, ed., with an introd. by Anton C. Pegis ; New York, Modern Library [1948]. |
| 505 ## - FORMATTED CONTENTS NOTE | |
| Formatted contents note | God --<br/>Creation --<br/>Man; His powers; His knowledge --<br/>The end of man --<br/>Human acts --<br/>Habits and virtues --<br/>Law --<br/>Grace. English contents : Questions 1-4, 20-23. Q. 1. What sacred doctrine is, and what it concerns ; Q. 2. The existence of God ; Q. 3. Of the simple nature of God ; Q. 4. The perfection of God ; Q. 20. The love of God ; Q. 21. The justice and mercy of God ; Q. 22. Of divine providence ; Q. 23. Of predestination --<br/>Of sin : prima secundae, questions 82, 85. Q. 82. The essence of original sin ; Q. 85. The effects of sin --<br/>Treatise on grace : prima secundae, questions 109-114. Q. 109. Concerning the external principle of human actions, that is, the grace of God ; Q. 110. The essence of God's grace ; Q. 111. The divisions of grace ; Q. 112. The cause of grace ; Q. 113. The effects of grace ; Q. 114. Concerning merit, which is the effect of cooperative grace --<br/>Treatise on the theological virtues. Q. 1. The object of faith ; Q. 2. The act of faith ; Q. 3. The outward act of faith ; Q. 4. The virtue itself of faith ; Q. 5. Of those who have faith ; Q. 6. The cause of faith ; Q. 7. The effect of faith ; Q. 17. Of hope, considered in itself ; Q. 18. The subject of hope ; Q. 19. The gift of fear ; Q. 20. Of despair ; Q. 21. Of presumption ; Q. 23. Of charity, considered in itself ; Q. 27. Of the principal act of charity, which is to love. |
| 600 14 - SUBJECT ADDED ENTRY--PERSONAL NAME | |
| Personal name | Aquinas, Thomas, Saint |
| Dates associated with a name | 1225?-1274 {ch}. |
| 610 24 - SUBJECT ADDED ENTRY--CORPORATE NAME | |
| Corporate name or jurisdiction name as entry element | Catholic Church |
| General subdivision | Doctrines {ch} |
| 951 ## - EQUIVALENCE OR CROSS-REFERENCE-GEOGRAPHIC NAME/AREA NAME [OBSOLETE] [CAN/MARC only] | |
| General subdivision | 00009142 |
| 700 1# - ADDED ENTRY--PERSONAL NAME | |
| Personal name | Jones, Francis P. |
| 700 1# - ADDED ENTRY--PERSONAL NAME | |
| Personal name | Zia, N. Z. |
| 942 ## - ADDED ENTRY ELEMENTS (KOHA) | |
| Source of classification or shelving scheme | Library of Congress Classification |
| Item type | Books |
| Withdrawn status | Lost status | Source of classification or shelving scheme | Damaged status | Not for loan | Home library | Current library | Shelving location | Date acquired | Serial Enumeration / chronology | Inventory number | Shelving control number | Total Checkouts | Full call number | Barcode | Date last seen | Price effective from | Koha item type | Source of acquisition |
|---|---|---|---|---|---|---|---|---|---|---|---|---|---|---|---|---|---|---|
| Library of Congress Classification | BSOP Library | BSOP Library | Reference Chinese | 12/21/2000 | v. I-15 | C-3135 | 127 | BR45 C46 v. I-15 | 00009142 | 02/23/2013 | 02/23/2013 | Books | ||||||
| Library of Congress Classification | BSOP Library | BSOP Library | Chinese Books (General Circulation) | 09/29/2014 | v. I-15 | C-12282 | BR45 C46 v. I-15 | 00044682 | 09/29/2014 | 09/29/2014 | Books |
